| 000 | 00968cam a2200181ua 4500 | ||
|---|---|---|---|
| 020 | _cRs 0.50 | ||
| 041 |
_ahin _h |
||
| 082 |
_a891.54 _bHIN/BH |
||
| 110 | 1 |
_aHindi Pracharak Pusthakalay . _b _c(Varanasi, Uttar Pradesh ) |
|
| 245 |
_aBharatendu Harichandra / _cHindi Pracharak Pusthakalay. _hTextual Documents |
||
| 250 |
_a1 / _b. |
||
| 260 |
_aVaranasi : _bHindi Pracharak Pusthakalayam , _c1963. |
||
| 300 | _a32 ; . | ||
| 365 | _aRs 0.50 | ||
| 504 | _a | ||
| 942 | _cBK | ||
| 999 |
_c3660 _d3660 |
||